Statistics for African Capital Cities with 5 or fewer letters

Click here to take the quiz!

General Stats

  • This quiz has been taken 51 times
  • The average score is 7 of 9

Answer Stats

Answer% Correct
Cairo
95%
Tunis
95%
Rabat
89%
Abuja
75%
Accra
70%
Lome
70%
Juba
68%
Dakar
59%
Praia
48%

Score Distribution

Percentile by Number Answered

Percent of People with Each Score

Your Score History

You have not taken this quiz